MARC details
| 000 -LEADER |
| campo de control de longitud fija |
03139nam a2200421 i 4500 |
| 001 - NÚMERO DE CONTROL |
| campo de control |
193569 |
| 003 - IDENTIFICADOR DE NÚMERO DE CONTROL |
| campo de control |
SpMaBN |
| 005 - FECHA Y HORA DE LA ÚLTIMA TRANSACCIÓN |
| campo de control |
20250711063120.0 |
| 007 - CAMPO FIJO DE DESCRIPCIÓN FÍSICA--INFORMACIÓN GENERAL |
| campo de control de longitud fija |
ta |
| 008 - DATOS DE LONGITUD FIJA--INFORMACIÓN GENERAL |
| campo de control de longitud fija |
130320s2011 sp a | |||| 001 0 spa |
| 017 ## - NÚMERO DE COPYRIGHT O DE DEPÓSITO LEGAL |
| Número de copyright o de depósito legal |
AS 4099-2011 |
| Agencia que asigna |
Oficina Depósito Legal Asturias |
| 020 ## - NÚMERO INTERNACIONAL ESTÁNDAR DEL LIBRO |
| Número Internacional Estándar del Libro |
9788489521179 |
| 035 ## - NÚMERO DE CONTROL DEL SISTEMA |
| Número de control de sistema |
(OCoLC)864136544 |
| 040 ## - FUENTE DE CATALOGACIÓN |
| Centro catalogador/agencia de origen |
SpMaBN |
| Lengua de catalogación |
spa |
| Centro/agencia transcriptor |
SpMaBN |
| Normas de descripción |
rdc |
| 080 ## - NÚMERO DE LA CLASIFICACIÓN DECIMAL UNIVERSAL |
| Número de la Clasificación Decimal Universal |
929 Jovellanos, Gaspar Melchor de |
| 245 00 - MENCIÓN DEL TÍTULO |
| Título |
Jovellanos, el valor de la razón (1811-2011) / |
| Mención de responsabilidad, etc. |
edición de Ignacio Fernández Sarasola, Elena de Lorenzo Álvarez, Joaquín Ocampo Suárez-Valdés, Álvaro Ruiz de la Peña Solar |
| 250 ## - MENCION DE EDICION |
| Mención de edición |
Primera edición: diciembre de 2011 |
| 260 ## - PUBLICACIÓN, DISTRIBUCIÓN, ETC. |
| Lugar de publicación, distribución, etc. |
Gijón : |
| Nombre del editor, distribuidor, etc. |
Instituto Feijoo de Estudios del Siglo XVIII : |
| -- |
Trea, |
| Fecha de publicación, distribución, etc. |
2011 |
| 300 ## - DESCRIPCIÓN FÍSICA |
| Extensión |
943 páginas : |
| Otras características físicas |
ilustraciones, |
| Dimensiones |
24 cm |
| 336 ## - TIPO DE CONTENIDO |
| Término de tipo de contenido |
Texto (visual) |
| Fuente |
isbdcontent |
| 337 ## - TIPO DE MEDIO |
| Nombre/término del tipo de medio |
sin mediación |
| Fuente |
isbdmedia |
| 338 ## - TIPO DE SOPORTE |
| Fuente |
rdacarrier |
| Nombre/término del tipo de soporte |
volumen |
| 500 ## - NOTA GENERAL |
| Nota general |
Índice onomástico |
| 520 ## - RESUMEN, ETC. |
| Sumario, etc. |
Los temas variadísimos y el entrecruzamiento constante de las líneas de investigación de esta cincuentena de reflexiones que ahora se publican con motivo del bicentenario de la muerte de Jovellanos confirman la riqueza en la diversidad y el rigor en la exploración de los gestos, de los ademanes, de los que hablaba Francisco Ayala; en definitiva, de la mirada múltiple y cómplice que observa al personaje estudiado.<br/><br/>La variedad temática de estos estudios da precisa medida de la actividad intelectual, diversa y abierta, de Jovellanos a lo largo de su vida, desde los aspectos biográficos a los asuntos vinculados con su dedicación a la justicia, a la ciencia económica o a la literatura, así como a la construcción de su imagen desde la posteridad y la recepción de su pensamiento.<br/><br/>Censor, filólogo, lector, economista, decidido interventor en política cultural… son perfiles que complementan en estas páginas la imagen más habitual del escritor, el magistrado, el historiador, el educador o el político, y que superan las añejas calificaciones del «patricio», del «prócer» o del «polígrafo», en una efeméride que ha vuelto a poner de manifiesto la atracción que desde múltiples disciplinas y enfoques sigue ejerciendo la figura de quien fue quizá el principal de los ilustrados españoles. |
| 600 10 - PUNTO DE ACCESO ADICIONAL DE MATERIA--NOMBRE DE PERSONA |
| Nombre de persona |
Jovellanos, Gaspar Melchor de, |
| Fechas asociadas al nombre |
1744-1811 |
| 9 (RLIN) |
222580 |
| 700 1# - ENTRADA AGREGADA--NOMBRE PERSONAL |
| Nombre de persona |
Fernández Sarasola, Ignacio |
| Término indicativo de función/relación |
Editor literario |
| 9 (RLIN) |
50084 |
| 700 1# - ENTRADA AGREGADA--NOMBRE PERSONAL |
| Nombre de persona |
Lorenzo Álvarez, Elena de, |
| Fechas asociadas al nombre |
1971- |
| Término indicativo de función/relación |
Editor literario |
| 9 (RLIN) |
74173 |
| 700 1# - ENTRADA AGREGADA--NOMBRE PERSONAL |
| Nombre de persona |
Ocampo Suárez-Valdés, Joaquín, |
| Fechas asociadas al nombre |
1952- |
| Término indicativo de función/relación |
Editor literario |
| 9 (RLIN) |
234874 |
| 700 1# - ENTRADA AGREGADA--NOMBRE PERSONAL |
| Nombre de persona |
Ruiz de la Peña, Álvaro |
| Término indicativo de función/relación |
Editor literario |
| 9 (RLIN) |
100748 |
| 710 2# - ENTRADA AGREGADA--NOMBRE DE ENTIDAD CORPORATIVA |
| 9 (RLIN) |
5055 |
| Nombre de entidad corporativa o nombre de jurisdicción como elemento de entrada |
Instituto Feijoo de Estudios del Siglo XVIII |
| 852 ## - LOCALIZACIÓN |
| Ubicación |
ES-MaACL |
| Ubicación en estantería |
Depósito J |
| Número de control de estantería |
N-9579 |
| Donativo/Legado |
Donación: Editorial |
| Encuadernación |
Encuadernación cartoné con sobrecubiertas |
| itemnumber |
201032 |
| 903 ## - NOMBRE PERSONAL DE DONANTE |
| 9 |
33329 |
| a |
Cabrillo, Francisco |
| 942 ## - ELEMENTOS DE ENTRADA SECUNDARIOS (KOHA) |
| Suprimir en OPAC |
No |
| Tipo de ítem Koha |
Libro impreso |